000 00548nam a2200181Ia 4500
003 OSt
005 20240417093031.0
008 210210b1930 xxu||||| |||| 00| 0 eng d
040 _cAL
041 _aKannada
082 _a852/389
100 _aBHARADVAJA (Da Kra) ಭಾರದ್ವಾಜ (ದ ಕೃ)
_979793
245 _aJagattina Svatantrya Sangrama
_bಜಗತ್ತಿನ ಸ್ವಾತಂತ್ರ್ಯ ಸಂಗ್ರಾಮ
260 _aBengaluru
_b-
_c1930
690 _aKannada Prose
_979794
906 _a018957
942 _2ddc
_cBK
999 _c142975
_d142975